1900-2025 All players who have played for FC Barcelona and Real Madrid - Statistics

General Stats
  • This quiz has been taken 54 times
  • The average score is 6 of 37
Answer Stats
Years at Real Madrid Years at FC Barcelona Player % Correct
2000-05 1995-00 Luis Figo
94%
2002-07 1996-97 Ronaldo
81%
1998-2000 2004-09 Samuel Eto’o
75%
2007-09 2001-07 Javier Saviola
50%
1991-96 1996-2004 Luis Enrique
50%
1988-90 1980-88 Bernd Schuster
39%
1994-96 1989-94 Michael Laudrup
39%
2008-10 2022-24 Marcos Alonso
36%
1988-93 1994-98 Gica Hagi
28%
2000-03 / 2004-05 1993-99 Albert Celades
14%
1985-88 / 1989-91 1994-97 Julen Lopetegui
11%
1991-95 1995-96 Robert Prosinečki
11%
1930-36 1919-22 Ricardo Zamora
8%
1988-92 2000-2002 Alfonso Pérez
6%
1992-95 / 1997-98 1999-2003 Dani García
6%
1990-97 1984-1990 Luis Milla
6%
1995-96 1988-91 / 1992-93 Miquel Soler
6%
1992-96 1990-92 Nando Muñoz
6%
1950-51 1946-50 / 1954-56 Alfonso Navarro
3%
1976-78 1980-86 Amador Lorenzo
3%
1911-14 1903–11 Arsenio Comamala
3%
1962-65 1957-62 Evaristo
3%
1965-67 1962-65 Fernand Goyvaerts
3%
1949-57 1941-42 Joaquín Navarro
3%
1933-35 1919-33 José Samitier
3%
1961-63 1953-61 Justo Tejada
3%
1962-65 1965-68 Lucien Muller
3%
1902-12 1901-02 Alfonso Albéniz
0%
1908 1907-11 Charles Wallace
0%
1957-58 1961-69 Chus Pereda
0%
1902–09 1909 Enrique Normand
0%
1945-46 1946-51 Josep Canal
0%
1906-08 1901-11 José Quirante
0%
1931-36 1939-40 Juan Marrero
0%
1959-60 1957-59 László Kaszás
0%
1904-05 1906-07 Luciano Lizárraga
0%
1913-14 1911-13 Walter Rositzky
0%
No matching quizzes found
Score Distribution
Percent of People with Each Score
Percentile by Number Answered
Your Score History
You have not taken this quiz